000 00842nam a22002772a 4500
001 32588
003 BD-RjUL
005 20211209051848.0
008 140427t1950 enk b 001 0 eng d
035 _a(BD-RjUL)32677
040 _aDLC
_cODC
_dOCL
_dUKM
_dEQO
_dBD-RjUL
_beng
041 _aeng
082 _a299.51
_bHEC 1950
100 1 _aHerbert, Edward,
_d1891-
_999040
245 1 2 _aA Confucian notebook /
_cby Edward Herbert [pseud.] With a foreword by Arthur Waley
250 _a1st ed.
260 _aLondon :
_bMurray,
_c1950.
300 _axiii, 89 p. ;
_c18 cm
490 1 _aWisdom of the East series
504 _aIncludes bibliographical reference and index.
650 0 _aConfucius and Confucianism
_994942
830 1 0 _aWisdom of the East series
_999161
942 _2ddc
_cBK
999 _c32588
_d32588